Workshop Practice (Record no. 594901)

000 -LEADER
fixed length control field 00341nam a22001457a 4500
020 ## - INTERNATIONAL STANDARD BOOK NUMBER
International Standard Book Number 9780070671195
040 ## - CATALOGING SOURCE
Transcribing agency NUST
082 ## - DEWEY DECIMAL CLASSIFICATION NUMBER
Classification number 670.42 BAW
100 ## - MAIN ENTRY--PERSONAL NAME
Personal name Bawa, H. S.
245 ## - TITLE STATEMENT
Title Workshop Practice
250 ## - EDITION STATEMENT
Edition statement 2nd Edition
260 ## - PUBLICATION, DISTRIBUTION, ETC.
Place of publication, distribution, etc. New Delhi:
Name of publisher, distributor, etc. McGraw-Hill,
Date of publication, distribution, etc. 2014.
650 ## - SUBJECT ADDED ENTRY--TOPICAL TERM
Topical term or geographic name entry element Workshop Practice
9 (RLIN) 112944
942 ## - ADDED ENTRY ELEMENTS (KOHA)
Source of classification or shelving scheme
Koha item type Book
Holdings
Withdrawn status Lost status Source of classification or shelving scheme Damaged status Not for loan Permanent Location Current Location Shelving location Date acquired Full call number Barcode Date last seen Price effective from Koha item type Total Checkouts
          College of Electrical & Mechanical Engineering (CEME) College of Electrical & Mechanical Engineering (CEME) General Stacks 06/01/2023 670.42 BAW CEME-48946 06/01/2023 06/01/2023 Book  
          College of Electrical & Mechanical Engineering (CEME) College of Electrical & Mechanical Engineering (CEME) General Stacks 06/01/2023 670.42 BAW CEME-48947 06/01/2023 06/01/2023 Book  
          College of Electrical & Mechanical Engineering (CEME) College of Electrical & Mechanical Engineering (CEME) General Stacks 06/01/2023 670.42 BAW CEME-48948 06/01/2023 06/01/2023 Book  
          College of Electrical & Mechanical Engineering (CEME) College of Electrical & Mechanical Engineering (CEME) General Stacks 06/01/2023 670.42 BAW CEME-48949 06/01/2023 06/01/2023 Book  
          College of Electrical & Mechanical Engineering (CEME) College of Electrical & Mechanical Engineering (CEME) General Stacks 06/01/2023 670.42 BAW CEME-48950 06/01/2023 06/01/2023 Book  
© 2023 Central Library, National University of Sciences and Technology. All Rights Reserved.